Z ČR odchází za prací do zahraničí vůbec nejméně lidí
V Česku pracujú najspokojnejší zamestnanci. S odchodom za prácou do zahraničia sa muselo vyrovnať len 15 percent firiem podnikajúcich v Česku. Porovnanie sa robilo medzi takmer 20. krajinami po celom svete.
Salvato in:
| Natura: | Capitolo di libro |
|---|---|
| Lingua: | ceco |
| Soggetti: | |
| Tags: |
Nessun Tag, puoi essere il primo ad aggiungerne!!
|
MARC
| LEADER | 00000naa$a2200000$$$4500 | ||
|---|---|---|---|
| 001 | 0090015 | ||
| 005 | 20231113131315.6 | ||
| 041 | 0 | |a cze | |
| 044 | |a CZ | ||
| 245 | 1 | 0 | |a Z ČR odchází za prací do zahraničí vůbec nejméně lidí |
| 520 | |a V Česku pracujú najspokojnejší zamestnanci. S odchodom za prácou do zahraničia sa muselo vyrovnať len 15 percent firiem podnikajúcich v Česku. Porovnanie sa robilo medzi takmer 20. krajinami po celom svete. | ||
| 610 | 2 | 0 | |a firmy |
| 610 | 2 | 0 | |a Česko |
| 610 | 2 | 0 | |a zamestnanci |
| 610 | 2 | 0 | |a práca v zahraničí |
| 610 | 2 | 0 | |a pohyb síl pracovných |